| 000 | 00659nam a2200217Ia 4500 | ||
|---|---|---|---|
| 003 | GCL | ||
| 005 | 20240530102339.0 | ||
| 008 | 140319s9999 xx 000 0 ara d | ||
| 040 |
_aGCL / _cGCL |
||
| 082 | 0 | 4 |
_a398.9 _bق/ا ا |
| 100 | 1 | _aاحمد تيمور | |
| 245 | 1 | 0 |
_aالامثال العامية / _cاحمد تيمور |
| 260 |
_a[S.N] : _bمركز الاهرام للترجمة والنشر ، _c1986 |
||
| 300 | _a556 ص | ||
| 650 | 0 | 4 | _aمصر |
| 650 | 0 | 4 | _aالعادات والتقاليد |
| 650 | 0 | 4 | _aالادب الشعبى |
| 650 | 0 | 4 | _aالامثال العامية |
| 650 | 0 | 4 | _aالامثال الشعبية |
| 942 |
_2ddc _cBK |
||
| 999 |
_c31603 _d31603 |
||